| 000 | 00412cam a22001457a 4500 | ||
|---|---|---|---|
| 008 | 180718b1908 xxu||||| |||| 00| 0 eng d | ||
| 082 | _aA98 G168 | ||
| 100 | _aGardiner, A.G. | ||
| 245 |
_aProphets, priests, and kings _cby A.G. Gardiner |
||
| 260 |
_aLondon _bAlston Rivers _c1908 |
||
| 300 | _a332p. | ||
| 650 | _aProphets - Biography | ||
| 650 | _aPariests - Biography | ||
| 650 | _aKings and Rules - Biography | ||
| 999 |
_c366388 _d366388 |
||